| 000 | 00830nam a2200217 i 4500 | ||
|---|---|---|---|
| 999 |
_c7906 _d7906 |
||
| 001 | 991058478168306706 | ||
| 003 | OSt | ||
| 005 | 20240903095445.0 | ||
| 006 | m o d | | ||
| 007 | cr ||||||||||| | ||
| 008 | 201029s2019 sp a ob 000 0 spa d | ||
| 040 |
_aCDMR _cCDMR _bcat |
||
| 110 | 2 |
_9133 _aCol·legi de Periodistes de Catalunya |
|
| 245 | 1 | 0 |
_aGuia pel benestar i la salut mental dels professionals de la informació [recurs electrònic] / _cCol·legi Oficial de Psicologia de Catalunya ; Col·legi de Periodistes de Catalunya |
| 264 | 1 | _c[2024] | |
| 300 | _a1 recurs electrònic (12 pàgines) | ||
| 650 | 0 |
_aPeriodistes _92273 _xSalut mental |
|
| 710 |
_94951 _aCol·legi Oficial de Psicologia de Catalunya |
||
| 856 |
_zAccés en línia _uhttps://omeka.periodistes.cat/items/show/711 |
||
| 942 |
_2udc _cRECURS_WEB |
||